[Event "Asuncion Preclasificatorio Mayor"]
[Site "Asuncion"]
[Date "2010.04.14"]
[Round "2"]
[White "Vera Lopez, Ruben D"]
[Black "Benitez Irazusta, Eduardo A"]
[Result "0-1"]
[WhiteElo "1878"]
[BlackElo "1595"]
[PlyCount "58"]
[EventDate "2010.04.05"]
[EventType "swiss"]
[EventRounds "9"]
[EventCountry "PAR"]
[SourceTitle "EXT 2023"]
[Source "ChessBase"]
[SourceDate "2022.10.05"]
[SourceVersion "1"]
[SourceVersionDate "2022.10.05"]
[SourceQuality "1"]

1. e4 c5 2. Nf3 Nc6 3. Nc3 d6 4. d3 e5 5. h3 Be7 6. Be2 f5 7. exf5 Bxf5 8. Nd5 Nf6 9. Nxe7 Qxe7 10. 0-0 0-0-0 11. Nd2 Rde8 12. Nc4 Rhf8 13. Bg5 h6 14. Bh4 g5 15. Bg3 Nd5 16. Qd2 Nf4 17. Bf3 d5 18. Bxf4 gxf4 19. Bxd5 Qd7 20. Be4 Bxh3 21. gxh3 Qxh3 22. Bg2 Rg8 23. f3 Re6 24. Rf2 Reg6 25. c3 b5 26. Na3 a6 27. Rd1 Rg5 28. Kf1 Qh2 29. Re2 Qh1+ 0-1